000 00481nam a2200193Ia 4500
003 IT-RoPAU
008 120407s9999 xx 000 0 und d
040 _aIT-RoPAU
040 _cIT-RoPAU
041 _aita
100 _aJulio Meinvielle
245 _aIl cedimento dei cattolici al liberalismo (Critica a Maritain).
260 _aSacra Fraternitas Aurigarum in Urbe (ed. fuori comm.).
260 _c1991
300 _c23 cm
490 _v1
942 _cBK
999 _c17568
_d17568